000 00520nam a2200181 i 4500
001 141922
003 ES-MaACL
005 20230906200411.0
007 t|
008 071001s1970 sp ||||1| spa d
100 1 _aWilliams, Harold.
_9116927
245 1 0 _a¿Embarazo o muerte? /
_cHarold Williams ; [traducción, Ignacio Pinós].
250 _a1ª ed.
260 _aBarcelona :
_bEdiciones 29,
_c1970.
300 _a190 p. ;
_c21 cm.
700 1 _aPinós, Ignacio.
_992191
852 _aES-MaACL
_jC-44260
_bR.74211
999 _c141922
_d141922